Katy Perry - 'Teenage Dream - The Complete Confection' Songs - Statistics

General Stats
  • This quiz has been taken 349 times
  • The average score is 13 of 19
Answer Stats
Track # Song % Correct
1 Teenage Dream
96%
3 California Gurls feat. Snoop Dogg
89%
4 Firework
83%
8 E.T.
81%
17 E.T. feat. Kanye West
81%
2 Last Friday Night (T.G.I.F.)
78%
18 Last Friday Night (T.G.I.F.) feat. Missy Elliott
78%
7 The One That Got Away
78%
13 The One That Got Away (Acoustic)
78%
14 Part of Me
72%
5 Peacock
70%
15 Wide Awake
69%
6 Circle the Drain
60%
11 Hummingbird Heartbeat
59%
12 Not Like the Movies
56%
10 Pearl
56%
9 Who Am I Living For?
48%
16 Dressin' Up
47%
19 Tommie Sunshine's Megasix Smash-Up
28%
No matching quizzes found
Score Distribution
Percent of People with Each Score
Percentile by Number Answered
Your Score History
You have not taken this quiz